Ciencia y tecnología de la alfalfa. tomo 2 /

Guardado en:
Autor Principal: Hanson, C
Formato: Libro
Publicado: Montevideo : Agropecuaria Hemisferio Sur, 1972
Materias:
Etiquetas: Agregar Etiqueta
Sin Etiquetas, Sea el primero en etiquetar este registro!
LEADER 00503nam a22001695a 4500
001 CEM.cems015913
008 130507s1972##################000#0#####d
005 20210826181107.0
003 CEMS
245 1 0 |a Ciencia y tecnología de la alfalfa. tomo 2 /  |c C Hanson, 
260 |a Montevideo :  |b Agropecuaria Hemisferio Sur,  |c 1972 
300 |a 973 p. 
100 1 |a Hanson, C 
082 0 4 |a 633.3 
653 |a Agricultura 
653 |a Pasturas alfalfa 
859 |a CEMS  |b BIB. CEMS - Agricultura  |h 633.3  |i H198  |p A8628.81  |t Ej.1  |v 2  |3 2